000 00305nam a22001097a 4500
999 _c4234
_d4234
008 250128b ||||| |||| 00| 0 eng d
020 _a9780753473825
082 _a591.734 CAL
100 _aCALLERY,SEAN
_eSEAN CALLERY
245 _aLIFE CYCLES ,RAINFOREST
942 _2ddc
_h591.734 CAL